Song Titles: Fill In The Missing Word - Jobs (1980's) - Statistics

General Stats
  • This quiz has been taken 34 times
  • The average score is 6 of 20
Answer Stats
Artist Song Title % Correct
Abba Super {Trouper}
84%
Peter Schilling {Major} Tom
56%
Pete Shelley Telephone {Operator}
47%
Stiff Little Fingers Tin {Soldier}s
47%
Chris de Burgh Don't Pay The {Ferryman}
44%
OMD {Maid} Of New Orleans
44%
Depeche Mode Master and {Servant}
38%
Ken Barrie {Postman} Pat
34%
Nirvana Floyd The {Barber}
28%
Untouchables I {Spy} For The F.B.I.
25%
Propaganda {Dr} Mabuse
22%
Psychedelic Furs Dumb {Waiter}s
22%
Housemartins Me and the {Farmer}
19%
Gregory Isaacs Night {Nurse}
19%
Paul McCartney Temporary {Secretary}
19%
XTC {Mayor} of Simpleton
16%
Smiley Culture Police {Officer}
16%
Carter USM {Sheriff} Fatman
16%
Smiths {Vicar} In a Tutu
16%
The Brat Chalk Dust - The {Umpire} Strikes Back
13%
No matching quizzes found
Score Distribution
Percent of People with Each Score
Percentile by Number Answered
Your Score History
You have not taken this quiz